The Pathans, 550 B.C.-A.D. 1957 / (Record no. 232864)
[ view plain ]
| 000 -LEADER | |
|---|---|
| fixed length control field | 01179cam a2200325 a 4500 |
| 001 - CONTROL NUMBER | |
| control field | 1904036 |
| 003 - CONTROL NUMBER IDENTIFIER | |
| control field | Nust |
| 005 - DATE AND TIME OF LATEST TRANSACTION | |
| control field | 20250930104332.0 |
| 008 - FIXED-LENGTH DATA ELEMENTS--GENERAL INFORMATION | |
| fixed length control field | 840517t19831958pk af b 001 0 eng |
| 010 ## - LIBRARY OF CONGRESS CONTROL NUMBER | |
| LC control number | 84163219 |
| 020 ## - INTERNATIONAL STANDARD BOOK NUMBER | |
| International Standard Book Number | 9780195772210 |
| 040 ## - CATALOGING SOURCE | |
| Original cataloging agency | DLC |
| Transcribing agency | DLC |
| Modifying agency | DLC |
| 043 ## - GEOGRAPHIC AREA CODE | |
| Geographic area code | a-pk--- |
| -- | a-af--- |
| 050 00 - LIBRARY OF CONGRESS CALL NUMBER | |
| Classification number | DS380.P8 |
| Item number | C37 1983 |
| 082 00 - DEWEY DECIMAL CLASSIFICATION NUMBER | |
| Classification number | 954.912 |
| Author Mark | CAR |
| 100 1# - MAIN ENTRY--PERSONAL NAME | |
| Personal name | Caroe, Olaf Kirkpatrick, |
| Titles and words associated with a name | Sir, |
| Dates associated with a name | 1892- |
| 9 (RLIN) | 92087 |
| 245 14 - TITLE STATEMENT | |
| Title | The Pathans, 550 B.C.-A.D. 1957 / |
| Statement of responsibility, etc. | by Olaf Caroe ; with an epilogue on Russia by the author. |
| 260 ## - PUBLICATION, DISTRIBUTION, ETC. | |
| Place of publication, distribution, etc. | Karachi : |
| Name of publisher, distributor, etc. | Oxford University Press, |
| Date of publication, distribution, etc. | 2025. ; |
| 300 ## - PHYSICAL DESCRIPTION | |
| Extent | xxiv, 533 p., [15] leaves of plates (some folded) : |
| Other physical details | ill. ; |
| Dimensions | 23 cm. |
| 440 #0 - SERIES STATEMENT/ADDED ENTRY--TITLE | |
| Title | Oxford in Asia historical reprints. Modern series |
| 9 (RLIN) | 109021 |
| 440 #0 - SERIES STATEMENT/ADDED ENTRY--TITLE | |
| Title | Oxford in Asia historical reprints from Pakistan. |
| Name of part/section of a work | Modern series |
| 9 (RLIN) | 109022 |
| 500 ## - GENERAL NOTE | |
| General note | Includes index. |
| 504 ## - BIBLIOGRAPHY, ETC. NOTE | |
| Bibliography, etc. note | Bibliography: p. 439-456. |
| 650 #0 - SUBJECT ADDED ENTRY--TOPICAL TERM | |
| Topical term or geographic name entry element | Pushtuns |
| General subdivision | History. |
| 9 (RLIN) | 109023 |
| 651 #0 - SUBJECT ADDED ENTRY--GEOGRAPHIC NAME | |
| Geographic name | Khyber Pakhtunkhwa (Pakistan) |
| General subdivision | History. |
| 9 (RLIN) | 3865 |
| 651 #0 - SUBJECT ADDED ENTRY--GEOGRAPHIC NAME | |
| Geographic name | Pakistan |
| General subdivision | History. |
| 651 #0 - SUBJECT ADDED ENTRY--GEOGRAPHIC NAME | |
| Geographic name | Afghanistan |
| General subdivision | History. |
| 9 (RLIN) | 6706 |
| 906 ## - LOCAL DATA ELEMENT F, LDF (RLIN) | |
| a | 7 |
| b | cbc |
| c | orignew |
| d | 3 |
| e | ncip |
| f | 19 |
| g | y-gencatlg |
| 942 ## - ADDED ENTRY ELEMENTS (KOHA) | |
| Source of classification or shelving scheme | |
| Koha item type | Book |
| Withdrawn status | Lost status | Source of classification or shelving scheme | Damaged status | Not for loan | Collection code | Permanent Location | Current Location | Shelving location | Date acquired | Total Checkouts | Total Renewals | Full call number | Barcode | Date last seen | Date last checked out | Copy number | Price effective from | Koha item type |
|---|---|---|---|---|---|---|---|---|---|---|---|---|---|---|---|---|---|---|
| Central Library (CL) | Central Library (CL) | Book Cart | 02/24/2017 | 14 | 10 | 954.912 CAR | CL2190 | 01/30/2026 | 10/07/2025 | 1 | 02/24/2017 | Book |
